000 00502nam a2200169Ia 4500
003 LDD
008 190117s9999 xx 000 0 und d
020 _a8121402220
_c₹150
040 _cLDD
041 _ahi
082 _a8H0.09 हि4914
100 _aनगेन्द्र
245 0 _aहिन्दी साहित्य का इतिहास
_cनगेन्द्र
260 _aनई दिल्ली
_bनेशनल
_c1989
300 _a736प्र.
942 _2ddc
_cH
999 _c161902
_d161902